Countries Park Geun-hye Visited - Statistics

General Stats
  • This quiz has been taken 12 times
    10 since last reset
  • The average score is 32 of 40
Answer Stats
Continent Country % Correct
Oceania Australia
100%
Asia China
100%
Europe Belgium
86%
South America Brazil
86%
Asia Brunei
86%
North America Canada
86%
South America Chile
86%
Europe Germany
86%
Asia India
86%
Asia Kazakhstan
86%
Asia Kuwait
86%
Asia Laos
86%
Asia Malaysia
86%
Asia Myanmar
86%
Asia Philippines
86%
Asia Qatar
86%
Asia/ Europe Russia
86%
Asia Saudi Arabia
86%
Asia Singapore
86%
Asia Turkmenistan
86%
Asia United Arab Emirates
86%
Europe United Kingdom
86%
Asia Uzbekistan
86%
Asia Vietnam
86%
South America Colombia
71%
Europe Czech Republic
71%
Africa Ethiopia
71%
Europe France
71%
Asia Indonesia
71%
Europe Italy
71%
Africa Kenya
71%
North America Mexico
71%
Aisa Mongolia
71%
Europe Netherlands
71%
South America Peru
71%
Europe Switzerland
71%
Asia/ Europe Turkey
71%
Africa Uganda
71%
North America United States of America
71%
Europe Vatican City
71%
No matching quizzes found
Score Distribution
Percent of People with Each Score
Percentile by Number Answered
Your Score History
You have not taken this quiz since the last reset